|
|
|
|
| LEADER |
00660cam a2200193 7i4500 |
| 001 |
0000004409 |
| 005 |
20170218090000.0 |
| 020 |
|
|
|a 0471415294 (hbk.)
|
| 050 |
0 |
0 |
|a HD58.8 NOL 2001
|
| 090 |
0 |
0 |
|a HD58.8
|b .N65 2001
|
| 100 |
1 |
|
|a Nolan, Richard L
|
| 245 |
1 |
0 |
|a Dot vertigo :
|b doing business in a permeable world
|c Richard Nolan.
|
| 260 |
|
|
|a New York:
|b John Wiley and Sons,
|c 2001.
|
| 300 |
|
|
|a xviii, 254 p.:
|b ill.;
|c 24 cm.
|
| 504 |
|
|
|a Includes bibliographical references and index
|
| 650 |
0 |
0 |
|a Electronic commerce
|
| 650 |
0 |
0 |
|a Organizational change
|
| 997 |
|
|
|a Business & Accountancy, Faculty
|
| 999 |
|
|
|a 0000004061
|b BOK
|c OPEN SHELF
|e 1st Floor, Bestari Jaya
|